| 000 | 00611nam a2200205 a 4500 | ||
|---|---|---|---|
| 005 | 20140310183401.0 | ||
| 008 | 121004s19uu xx 00 eng d | ||
| 020 | _a9780312305741 | ||
| 050 |
_aG 153 _b.L649f 2003 |
||
| 100 | _aNelson, Annalise | ||
| 245 |
_aA let's go travel guide : _cAnnalise Nelson, editor ... [et al.]. _bFrance 2003 / |
||
| 260 |
_aNew York, United States : _bSt. Martin's Press, _c2003. |
||
| 300 |
_a814 p. : _c23 cm. |
||
| 440 | _aLet's go travel guides | ||
| 521 | _aTOU | ||
| 651 |
_aFrance _xGuidebooks |
||
| 700 | _aLet's Go, Inc | ||
| 942 |
_cBK _2lcc _kFOR |
||
| 999 |
_c22323 _d22323 |
||